Pretest obstetrics and gynecology
Đã lưu trong:
| 主要作者: | |
|---|---|
| 格式: | 图书 |
| 语言: | Undetermined |
| 出版: |
Boston, MA
McGraw-Hill
2001
|
| 主题: | |
| 标签: |
添加标签
没有标签, 成为第一个标记此记录!
|
| Thư viện lưu trữ: | Trung tâm Học liệu Trường Đại học Cần Thơ |
|---|
| LEADER | 00598nam a2200205Ia 4500 | ||
|---|---|---|---|
| 001 | CTU_61417 | ||
| 008 | 210402s9999 xx 000 0 und d | ||
| 020 | |b 136000 | ||
| 082 | |a 618 | ||
| 082 | |b E92 | ||
| 100 | |a Evans, Mark I. | ||
| 245 | 0 | |a Pretest obstetrics and gynecology | |
| 245 | 0 | |c Mark I. Evans and Kenneth A. Ginsburg | |
| 260 | |a Boston, MA | ||
| 260 | |b McGraw-Hill | ||
| 260 | |c 2001 | ||
| 650 | |a Obstetrics,Gynecology | ||
| 650 | |x Examinations, questions, etc,Examinations, questions, etc | ||
| 904 | |i Minh, Năm | ||
| 980 | |a Trung tâm Học liệu Trường Đại học Cần Thơ | ||